United States Cities by Metro System Logo - Statistics

General Stats
  • This quiz has been taken 45 times
  • The average score is 9 of 15
Answer Stats
Picture Answer % Correct
New York City
97%
Chicago
83%
Boston
80%
Philadelphia
80%
San Francisco
80%
Washington
74%
Atlanta
69%
Newark/New York City
66%
Los Angeles
60%
Cleveland
46%
New York City/Staten Island
43%
Philadelphia
40%
Baltimore
34%
Miami
34%
San Juan
26%
No matching quizzes found
Score Distribution
Percent of People with Each Score
Percentile by Number Answered
Your Score History
You have not taken this quiz